<?xml version="1.0" encoding="UTF-8"?>
<collection xmlns="http://www.loc.gov/MARC21/slim">
    <record>
        <controlfield tag="001">47568</controlfield>
        <controlfield tag="005">20160220115603.0</controlfield>
        <datafield tag="037" ind1=" " ind2=" ">
            <subfield code="a">TAZ-TFG-2015-2512</subfield>
        </datafield>
        <datafield tag="041" ind1=" " ind2=" ">
            <subfield code="a">spa</subfield>
        </datafield>
        <datafield tag="100" ind1="1" ind2=" ">
            <subfield code="a">Ruiz Lorente, Alberto</subfield>
        </datafield>
        <datafield tag="245" ind1="0" ind2="0">
            <subfield code="a">Toposecuencia de suelos en el piso montano del Parque Natural del Moncayo</subfield>
        </datafield>
        <datafield tag="260" ind1=" " ind2=" ">
            <subfield code="a">Zaragoza</subfield>
            <subfield code="b">Universidad de Zaragoza</subfield>
            <subfield code="c">2015</subfield>
        </datafield>
        <datafield tag="500" ind1=" " ind2=" ">
            <subfield code="a">Resumen disponible en inglés Aporta en secretaría material físico</subfield>
        </datafield>
        <datafield tag="506" ind1=" " ind2=" ">
            <subfield code="a">by-nc-sa</subfield>
            <subfield code="b">Creative Commons</subfield>
            <subfield code="c">3.0</subfield>
            <subfield code="u">http://creativecommons.org/licenses/by-nc-sa/3.0/</subfield>
        </datafield>
        <datafield tag="520" ind1=" " ind2=" ">
            <subfield code="a">El presente trabajo pretende caracterizar los suelos formados sobre areniscas cuarcítica en el piso montano del Parque Natural del Moncayo (Zaragoza), a lo largo de una toposecuencia para diagnosticar su estado de desarrollo. El Parque Natural del Moncayo es una zona que ha recibido atención desde varios puntos de vista: geomorfológico (Pellicer, 1996), y botánico (Ballarín, 1996). A pesar de todo, es escasa la información disponible sobre sus suelos, teniendo que remontarse a las primeras descripciones de Guerra (1968). Se abrieron un total de cinco perfiles edáficos a lo largo del piso montano en la vertiente noroeste. Posteriormente re caracterizaron las propiedades macromorfológicas (C.B.D.S.A., 1983), físicas y químicas (M.A.P.A., 1994), y biológicas (Jabiol, 2007). Un factor muy influyente es la altitud, apreciándose que el proceso de la podsolización está presente, y es gradual a lo largo de la ladera (Carceller y Vallejo, 1996). Las acumulaciones de hierro y aluminio a lo largo de la toposecuencia, los bajos niveles de pH, la gran cantidad de materia orgánica presente, la elevada pedregosidad, y las texturas francas y franco arenosas, son algunas de las características de estos suelos. Los perfiles estudiados fueron clasificados según World Reference Base (2014) como podzoles álbico, cambisoles dístricos y umbrisoles esquelético y según Soil Survey Staff (2014) como typic haplorthod, spodic dystrudept, typic dystrupet y humic dystrudept.</subfield>
        </datafield>
        <datafield tag="521" ind1=" " ind2=" ">
            <subfield code="a">Graduado en Ciencias Ambientales</subfield>
        </datafield>
        <datafield tag="540" ind1=" " ind2=" ">
            <subfield code="a">Derechos regulados por licencia Creative Commons</subfield>
        </datafield>
        <datafield tag="700" ind1=" " ind2=" ">
            <subfield code="a">Badía Villas, David</subfield>
            <subfield code="e">dir.</subfield>
        </datafield>
        <datafield tag="710" ind1="2" ind2=" ">
            <subfield code="a">Universidad de Zaragoza</subfield>
            <subfield code="b">Ciencias Agrarias y del Medio Natural</subfield>
            <subfield code="c">Edafología y Química Agrícola</subfield>
        </datafield>
        <datafield tag="856" ind1="0" ind2=" ">
            <subfield code="f">lbiarge@unizar.es</subfield>
        </datafield>
        <datafield tag="856" ind1="4" ind2=" ">
            <subfield code="s">3841682</subfield>
            <subfield code="u">http://zaguan.unizar.es/record/47568/files/TAZ-TFG-2015-2512.pdf</subfield>
            <subfield code="y">Memoria (spa)</subfield>
        </datafield>
        <datafield tag="909" ind1="C" ind2="O">
            <subfield code="o">oai:zaguan.unizar.es:47568</subfield>
            <subfield code="p">driver</subfield>
            <subfield code="p">trabajos-fin-grado</subfield>
        </datafield>
        <datafield tag="950" ind1=" " ind2=" ">
            <subfield code="a"></subfield>
        </datafield>
        <datafield tag="951" ind1=" " ind2=" ">
            <subfield code="a">deposita:2016-02-19</subfield>
        </datafield>
        <datafield tag="980" ind1=" " ind2=" ">
            <subfield code="a">TAZ</subfield>
            <subfield code="b">TFG</subfield>
            <subfield code="c">EPSHUES</subfield>
        </datafield>
    </record>

    
</collection>